Choosing the distribution channel for meat products

Problematika výberu distribučnej cesty a ponuka využitia vybraných metód, ktoré by mali prispieť ku konečnému rozhodnutiu o spôsobe distribúcie pre firmu zaoberajúcu sa výrobou a predajom mäsa a údenárskych výrobkov. Jedná sa o metódu priameho kvalitatívneho odhadu, súčtu vážených faktorov a určenia...

Ausführliche Beschreibung

Gespeichert in:
Bibliographische Detailangaben
1. Verfasser: Záboj, Marek
Format: Buchkapitel
Sprache:Englisch
Schlagworte:
Tags: Tag hinzufügen
Keine Tags, Fügen Sie das erste Tag hinzu!

MARC

LEADER 00000naa a2200000 4500
001 r045994
005 20231004091504.8
041 0 |a eng 
044 |a CZ 
245 1 0 |a Choosing the distribution channel for meat products  |c Marek Záboj 
520 |a Problematika výberu distribučnej cesty a ponuka využitia vybraných metód, ktoré by mali prispieť ku konečnému rozhodnutiu o spôsobe distribúcie pre firmu zaoberajúcu sa výrobou a predajom mäsa a údenárskych výrobkov. Jedná sa o metódu priameho kvalitatívneho odhadu, súčtu vážených faktorov a určenia distribučných nákladov. Analýza distribučných nákladov dokazuje vyššiu efektívnosť pri distribúcii prostredníctvom vlastnej maloobchodnej predajne než pri predaji s využitím distribučného článku. 
610 2 0 |a distribúcia 
610 2 0 |a kanály distribučné 
610 2 0 |a metódy distribučné 
610 2 0 |a náklady 
610 2 0 |a analýza nákladov 
610 2 0 |a kvantifikácia 
610 2 0 |a kritériá rozhodovania 
610 2 0 |a mäsopriemysel 
610 2 0 |a výrobky živočíšne 
610 2 0 |a úlohy distribučné 
610 2 0 |a predajne 
610 2 0 |a kalkulácia nákladov 
100 1 |a Záboj, Marek